| 000 | 00952nam a2200253Ia 4500 | ||
|---|---|---|---|
| 005 | 20260704175958.0 | ||
| 008 | 260704s9999||||xx |||||||||||||| ||und|| | ||
| 020 |
_a9780415280204 _qpbk |
||
| 082 |
_a820.9917241 _bASH.2E |
||
| 100 | _aAshcroft, Bill | ||
| 245 | 4 | _aThe empire writes back : theory and practice in post-colonial literatures [2nd ed.] | |
| 250 | _a2nd ed. Rep. 2010 | ||
| 260 |
_aNew York _bRoutledge an imprint of Taylor and Francis Group _c1989 |
||
| 300 | _ax, 283p. ; 20cm. | ||
| 653 | _aCommonwealth literature (English)--History and criticism | ||
| 653 | _aEnglish literature--20th century--History and criticism | ||
| 653 | _aEnglish literature--20th century--History and criticism | ||
| 653 | _aPostcolonialism in literature | ||
| 653 | _aPostcolonialism--Commonwealth countries | ||
| 653 | _aPostcolonialism--English-speaking countries | ||
| 700 | _aGriffiths, Gareth | ||
| 700 | _aTiffin, Helen | ||
| 942 | _cBK | ||
| 999 |
_c57373 _d57373 |
||